000 00552nam a2200181Ia 4500
003 LK-CoDNM
005 20241127103025.0
008 010623t2006 xxu||||| |||| 00| 1 sin d
040 _aLK-CoDNM
_dLK-CoDNM
_eLK-CoDNM
041 _asin
080 _a294.3
_bBAU
245 _aබෞද්ධ තොරතුරු පරීක්‍ෂක සභාවේ වාර්තාව
246 _aBhauddha Thoraturu Pareeksaka Sabhawe Varthawa
260 _bvisedunu
_aBoralasgamuwa
_c2006
300 _b400p. : 21 cm
650 _aBuddhism
942 _cBK
999 _c125934
_d125934